Two native narratives of the mutiny in Delhi / (Record no. 130160)

MARC details
000 -LEADER
fixed length control field 00714nam a22002297a 4500
005 - DATE AND TIME OF LATEST TRANSACTION
control field 20170124110108.0
010 ## - LIBRARY OF CONGRESS CONTROL NUMBER
LC control number 713387
020 ## - INTERNATIONAL STANDARD BOOK NUMBER
Terms of availability 00.00
035 ## - SYSTEM CONTROL NUMBER
System control number 713387
037 ## - SOURCE OF ACQUISITION
Source of stock number/acquisition Cen Lib/Ret
040 ## - CATALOGING SOURCE
Original cataloging agency DPL
Language of cataloging EN
082 ## - DEWEY DECIMAL CLASSIFICATION NUMBER
Classification number 954.083
Item number TWO
245 ## - TITLE STATEMENT
Title Two native narratives of the mutiny in Delhi /
Statement of responsibility, etc translated by Charles Theophilus Metcalfe
260 ## - PUBLICATION, DISTRIBUTION, ETC. (IMPRINT)
Place of publication, distribution, etc Delhi
Name of publisher, distributor, etc Seema Publications
Date of publication, distribution, etc 1974
270 ## - ADDRESS
City Delhi
Address C-3/19, R.P. Bagh
Postal code 110007
300 ## - PHYSICAL DESCRIPTION
Extent 259p.
Dimensions 21cm(Hb)
500 ## - GENERAL NOTE
General note Includes index
650 ## - SUBJECT ADDED ENTRY--TOPICAL TERM
Topical term or geographic name as entry element Delhi (India) -- History -- Siege, 1857
9 (RLIN) 28470
650 ## - SUBJECT ADDED ENTRY--TOPICAL TERM
Topical term or geographic name as entry element India -- Delhi
9 (RLIN) 28471
700 ## - ADDED ENTRY--PERSONAL NAME
Personal name Metcalfe, Charles Theophilus
9 (RLIN) 28472
942 ## - ADDED ENTRY ELEMENTS (KOHA)
Source of classification or shelving scheme Dewey Decimal Classification
Koha item type English Books
Classification part 954.083
Call number suffix TWO
Holdings
Withdrawn status Lost status Damaged status Not for loan Home library Current library Date acquired Source of acquisition Cost, normal purchase price Total Checkouts Total Renewals Full call number Barcode Date last seen Date checked out Copy number Cost, replacement price Price effective from Koha item type
        Central Library Central Library 08/07/2015 Cen Lib/Ret 0.00 2 1 954.083 TWO 713387 07/10/2024 23/09/2024 1 0.00 08/07/2015 English Books

© Delhi Public Library
Hit Counter
free hit counter